000 00225nam a2200097Ia 4500
008 230915s9999 xx 000 0 und d
050 _aHB172.P37 2000 C.1
100 _aMICHAEL PARKIN
245 0 _aMICROECONOMICS
942 _cBK
999 _c73898
_d73898